000
00244as aa2200097a 44500
090
_a
SERIADAS
_b
00769
245
1
0
_a
Bosques y Desarrollo
260
_b
Organización Internacional de Maderas Tropicales
_a
174
041
0
_a
EspaƱol
942
_c
REVISTA
999
_c
16770
_d
16770